L'Indochine francaise. (Record no. 52713)

MARC details
000 -LEADER
fixed length control field 00760cam a22002291 4500
001 - CONTROL NUMBER
control field s 32000005
003 - CONTROL NUMBER IDENTIFIER
control field DLC
005 - DATE AND TIME OF LATEST TRANSACTION
control field 20260227111911.0
008 - FIXED-LENGTH DATA ELEMENTS--GENERAL INFORMATION
fixed length control field 850506s1931 xx a m000 0 fre
010 ## - LIBRARY OF CONGRESS CONTROL NUMBER
LC control number s 32000005
035 ## - SYSTEM CONTROL NUMBER
System control number (OCoLC)12003018
040 ## - CATALOGING SOURCE
Original cataloging agency DLC
Transcribing agency IDeKN
Modifying agency OCoLC
-- DLC
043 ## - GEOGRAPHIC AREA CODE
Geographic area code ai-----
050 00 - LIBRARY OF CONGRESS CALL NUMBER
Classification number DS534
Item number .A53
245 02 - TITLE STATEMENT
Title L'Indochine francaise.
260 ## - PUBLICATION, DISTRIBUTION, ETC.
Place of publication, distribution, etc. [S.l. :
Name of publisher, distributor, etc. Gouvernement general de l'Indochine,
Date of publication, distribution, etc. 1931]
300 ## - PHYSICAL DESCRIPTION
Extent 1 p. leaf, 7-58 p., 2 leaves :
Other physical details ill. ;
Dimensions 23 cm.
500 ## - GENERAL NOTE
General note At head of title: Exposition coloniale internationale, Paris, 1931.
500 ## - GENERAL NOTE
General note Folded map mounted on p. [3] of cover.
651 #0 - SUBJECT ADDED ENTRY--GEOGRAPHIC NAME
Geographic name Indochina
General subdivision Description and travel.
711 2# - ADDED ENTRY--MEETING NAME
Meeting name or jurisdiction name as entry element Exposition coloniale internationale de Paris
Date of meeting or treaty signing (1931)

No items available.

Powered by Koha